书目信息 |
| 题名: |
数学分析讲义
|
|
| 作者: | 刘玉琏 , 傅沛仁 编 | |
| 分册: | 上册 | |
| 出版信息: | 北京 高等教育出版社 1992 |
|
| 页数: | 418页 | |
| 开本: | 20cm | |
| 丛书名: | ||
| 单 册: | ||
| 中图分类: | O17 | |
| 科图分类: | ||
| 主题词: | 数学分析 | |
| 电子资源: | ||
| ISBN: | 7-04-003757-2 | |
| 000 | 00736nam0 2200277 45 | |
| 001 | 0181005463 | |
| 005 | 20060928145116.68 | |
| 010 | @a7-04-003757-2@dCNY13.10 | |
| 091 | @a13012.0674 | |
| 100 | @a19950706d1992 em y0chiy0121 ea | |
| 101 | 0 | @achi |
| 102 | @aCN@b110000 | |
| 102 | @aCN@b110000 | |
| 105 | @ay z 000yy | |
| 200 | 10 | @a数学分析讲义@Ashu xue fen xi jiang yi@h上册@f刘玉琏,傅沛仁编@FLiu Yu Lian,Fu Pei Ren Bian |
| 205 | @a3版 | |
| 210 | @a北京@c高等教育出版社@d1992 | |
| 215 | @a418页@d20cm | |
| 300 | @a高等学校教材 | |
| 606 | @a数学分析 | |
| 690 | @aO17@v3 | |
| 701 | 0 | @a刘玉琏@4编 |
| 701 | 0 | @a傅沛仁@4编 |
| 801 | 0 | @aCN@b上海图书馆@c20060928 |
| 801 | 2 | @aCN@bNLC@c20060518 |
| 905 | @dO17@e10:1=3 | |
| 数学分析讲义.上册/刘玉琏,傅沛仁编.-3版.-北京:高等教育出版社,1992 |
| 418页;20cm |
| 高等学校教材 |
| ISBN 7-04-003757-2:CNY13.10 |
| ● |
| 相关链接 |
|
|
|
|
正题名:数学分析讲义
索取号:O17/10:1=3
 
预约/预借
| 序号 | 登录号 | 条形码 | 馆藏地/架位号 | 状态 | 备注 |
| 1 | 0489470 | 204894702 | 密集书库/ [索取号:O17/10:1=3] | 在馆 |